Statistics for PARTYNEXTDOOR Charting Songs (Billboard Hot 100)

Click here to take the quiz!

General Stats

  • This quiz has been taken 32 times
    (15 since last reset)
  • The average score is 6 of 13

Answer Stats

AlbumWeeks OnPeakArtist(s)Song% Correct
P324 Weeks#55PARTYNEXTDOOR ft. DrakeCome and See Me
82%
If You're Reading This, It's Too Late2 Weeks#82Drake ft. PARTYNEXTDOORPreach
73%
More Life1 Week#70Drake ft. PARTYNEXTDOORSince Way Back
73%
Partymobile15 Weeks#23PARTYNEXTDOOR ft. RihannaBELIEVE IT
64%
Club Atlantis3 Weeks#60PARTYNEXTDOOR ft. DrakeLoyal
55%
For All the Dogs2 Weeks#24Drake ft. PARTYNEXTDOORMembers Only
45%
Major Lazer Essentials1 Week#66Major Lazer ft. PARTYNEXTDOOR & Nicki MinajRun Up
45%
P37 Weeks#82PARTYNEXTDOORNot Nice
36%
ye2 Weeks#16Kanye West ft. PARTYNEXTDOORGhost Town
27%
Life on Earth EP1 Week#86Summer Walker & PARTYNEXTDOORMy Affection
27%
Views7 Weeks#47Drake ft. PARTYNEXTDOORWith You
18%
Icarus Falls3 Weeks#66Zayn ft. PARTYNEXTDOORStill Got Time
9%
ye2 Weeks#24Kanye West ft. PARTYNEXTDOORWouldn't Leave
9%

Score Distribution

Percentile by Number Answered

Percent of People with Each Score

Your Score History

You have not taken this quiz since the last reset